000
00282nam a2200121 a 4500
008
101025s2009|||| d
100
1
_a
Weinerová, Jennifer
245
1
0
_a
Hriechy minulosti
260
_b
Ikar
_a
Bratislava
_c
2009
041
_a
slo
020
_c
9,90
044
_a
xo
_c
SK
999
_c
12162
_d
12162